000 00695nmm a2200277 a 4500
003 AR-BaBNM
005 20251128204850.0
008 176019s1992 ||||||||||||||000 | spa||
020 _a84-7639-149-8
040 _cAR-BaBNM
100 1 _aRilke, Rainer María
_d1875-1926
245 1 0 _aRelatos de Praga
250 _a1ª ed.
260 _aBarcelona
_bMontesinos
_c1992
300 0 _a118 p.
500 0 _aContiene índice de los relatos
500 0 _aPrefacio del autor
650 4 _aCUENTOS
650 4 _aSIGLO VEINTE
650 4 _aGUERRAS MUNDIALES
653 0 _aLITERATURA CHECA
655 _aLITERATURA
700 1 _aAnguera, Lina
_etraductor
942 _cBK
998 _cisola
999 _c9106
_d9106